[Event "DEM U10w 2023"]
[Site "Willingen GER"]
[Date "2023.05.29"]
[Round "4"]
[White "Nönnig, Lotte"]
[Black "Wieckowicz, Bui Havy"]
[Result "1-0"]
[Termination "normal"]
[Board "13"]
[WhiteElo "1341"]
[BlackElo "1065"]
[WhiteClock "00:16:23"]
[BlackClock "00:25:51"]
[PlyCount "77"]
[WhiteFideId "34611509"]
[BlackFideId "34639926"]
[EventCountry "GER"]
[EventRounds "11"]
[EventType "swiss"]
[EventDate "2023.05.27"]

1. e4 {[%clk 01:15:58]} {[%emt 00:00:01]} c5 {[%clk 01:15:54]} {[%emt
00:00:07]} 2. Nf3 {[%clk 01:16:20]} {[%emt 00:00:09]} Nc6 {[%clk 01:16:11]}
{[%emt 00:00:13]} 3. d4 {[%clk 01:16:39]} {[%emt 00:00:10]} cxd4 {[%clk
01:16:33]} {[%emt 00:00:04]} 4. Nxd4 {[%clk 01:17:05]} {[%emt 00:00:08]} Nf6
{[%clk 01:16:59]} {[%emt 00:00:04]} 5. Nc3 {[%clk 01:17:21]} {[%emt 00:00:13]}
d6 {[%clk 01:17:24]} {[%emt 00:00:06]} 6. Be3 {[%clk 01:17:17]} {[%emt
00:00:33]} e6 {[%clk 01:17:49]} {[%emt 00:00:06]} 7. f3 {[%clk 01:16:32]}
{[%emt 00:01:15]} Be7 {[%clk 01:18:12]} {[%emt 00:00:07]} 8. Bc4 {[%clk
01:16:35]} {[%emt 00:00:26]} a6 {[%clk 01:18:23]} {[%emt 00:00:20]} 9. Qd2
{[%clk 01:15:17]} {[%emt 00:01:47]} Qc7 {[%emt 00:00:14]} 10. Bb3 {[%clk
01:14:51]} {[%emt 00:00:54]} b5 {[%clk 01:19:04]} {[%emt 00:00:09]} 11. O-O
{[%clk 01:12:55]} {[%emt 00:02:25]} Ne5 {[%emt 00:00:27]} 12. Kh1 {[%emt
00:04:33]} Nc4 {[%clk 01:14:12]} {[%emt 00:00:22]} 13. Bxc4 {[%clk 01:13:06]}
{[%emt 00:00:20]} bxc4 {[%clk 01:14:06]} {[%emt 00:00:27]} 14. Rad1 {[%clk
01:09:10]} {[%emt 00:04:35]} Rb8 {[%clk 01:10:18]} {[%emt 00:04:16]} 15. b3
{[%clk 01:07:17]} {[%emt 00:02:25]} cxb3 {[%clk 01:08:22]} {[%emt 00:02:25]}
16. cxb3 {[%clk 01:07:01]} {[%emt 00:00:46]} O-O {[%emt 00:02:35]} 17. Rc1
{[%emt 00:00:53]} Qd7 {[%clk 01:01:43]} {[%emt 00:03:39]} 18. Qe2 {[%clk
01:06:20]} {[%emt 00:01:13]} h6 {[%clk 00:58:16]} {[%emt 00:03:59]} 19. f4
{[%clk 01:02:25]} {[%emt 00:04:25]} Re8 {[%clk 00:54:13]} {[%emt 00:04:31]} 20.
Qf3 {[%clk 01:01:10]} {[%emt 00:01:42]} Bb7 {[%clk 00:52:42]} {[%emt 00:02:04]}
21. h3 {[%clk 00:59:22]} {[%emt 00:02:18]} Rbc8 {[%clk 00:48:10]} {[%emt
00:05:03]} 22. Bd2 {[%clk 00:53:40]} {[%emt 00:06:12]} Nxe4 {[%clk 00:43:55]}
{[%emt 00:04:42]} 23. Nxe4 {[%clk 00:53:08]} {[%emt 00:01:04]} f5 {[%clk
00:43:20]} {[%emt 00:01:05]} 24. Qh5 {[%clk 00:49:05]} {[%emt 00:04:31]} fxe4
{[%clk 00:42:16]} {[%emt 00:01:36]} 25. Qg6 {[%clk 00:48:15]} {[%emt 00:01:21]}
Bd8 {[%clk 00:40:49]} {[%emt 00:01:55]} 26. f5 {[%clk 00:45:05]} {[%emt
00:03:42]} e5 {[%clk 00:40:33]} {[%emt 00:00:46]} 27. Ne6 {[%clk 00:42:33]}
{[%emt 00:03:01]} Bf6 {[%clk 00:40:08]} {[%emt 00:00:53]} 28. Bxh6 {[%clk
00:41:46]} {[%emt 00:01:19]} Qf7 {[%clk 00:39:16]} {[%emt 00:01:16]} 29. Qg4
{[%clk 00:36:41]} {[%emt 00:05:38]} Kh7 {[%clk 00:37:43]} {[%emt 00:02:05]} 30.
Bg5 {[%clk 00:33:52]} {[%emt 00:03:19]} a5 {[%clk 00:34:41]} {[%emt 00:03:34]}
31. Rcd1 {[%clk 00:30:45]} {[%emt 00:03:37]} Ba6 {[%clk 00:34:29]} {[%emt
00:00:43]} 32. Rfe1 {[%clk 00:29:57]} {[%emt 00:01:13]} Bd3 {[%clk 00:31:11]}
{[%emt 00:03:52]} 33. h4 {[%clk 00:27:09]} {[%emt 00:03:18]} g6 {[%clk
00:30:40]} {[%emt 00:01:01]} 34. Re3 {[%clk 00:21:49]} {[%emt 00:05:51]} d5
{[%clk 00:27:24]} {[%emt 00:03:46]} 35. Rh3 {[%clk 00:19:17]} {[%emt 00:03:01]}
Rc2 {[%clk 00:26:28]} {[%emt 00:01:25]} 36. h5 {[%clk 00:17:27]} {[%emt
00:02:22]} Kg8 {[%clk 00:26:04]} {[%emt 00:00:52]} 37. hxg6 {[%clk 00:16:37]}
{[%emt 00:01:22]} Qd7 {[%clk 00:25:41]} {[%emt 00:00:52]} 38. Bxf6 {[%clk
00:16:18]} {[%emt 00:00:48]} Be2 {[%clk 00:25:51]} {[%emt 00:00:20]} 39. Rh8#
{[%clk 00:16:23]} {[%emt 00:00:26]} 1-0

[Event "DEM U10w 2023"]
[Site "Willingen GER"]
[Date "2023.05.29"]
[Round "4"]
[White "Hendler, Felicitas"]
[Black "Lu, Sheng"]
[Result "1-0"]
[Termination "normal"]
[Board "14"]
[WhiteElo "1049"]
[BlackElo "1227"]
[WhiteClock "00:06:37"]
[BlackClock "00:53:05"]
[PlyCount "141"]
[WhiteFideId "34616519"]
[BlackFideId "34628061"]
[EventCountry "GER"]
[EventRounds "11"]
[EventType "swiss"]
[EventDate "2023.05.27"]

1. e4 {[%clk 01:15:57]} {[%emt 00:00:03]} e5 {[%clk 01:15:58]} {[%emt
00:00:03]} 2. f4 {[%clk 01:16:20]} {[%emt 00:00:06]} d5 {[%clk 01:16:23]}
{[%emt 00:00:05]} 3. exd5 {[%clk 01:16:44]} {[%emt 00:00:06]} exf4 {[%clk
01:16:47]} {[%emt 00:00:06]} 4. Nf3 {[%clk 01:17:07]} {[%emt 00:00:08]} Nf6
{[%clk 01:17:12]} {[%emt 00:00:04]} 5. Nc3 {[%clk 01:17:31]} {[%emt 00:00:06]}
Nxd5 {[%clk 01:17:21]} {[%emt 00:00:21]} 6. Nxd5 {[%clk 01:17:51]} {[%emt
00:00:09]} Qxd5 {[%clk 01:17:45]} {[%emt 00:00:07]} 7. d4 {[%clk 01:18:10]}
{[%emt 00:00:11]} Nc6 {[%clk 01:17:37]} {[%emt 00:00:38]} 8. c4 {[%clk
01:17:37]} {[%emt 00:01:03]} Qd8 {[%clk 01:17:57]} {[%emt 00:00:10]} 9. Bxf4
{[%clk 01:16:27]} {[%emt 00:01:39]} Bb4+ {[%clk 01:17:45]} {[%emt 00:00:43]}
10. Bd2 {[%clk 01:15:43]} {[%emt 00:01:15]} Bxd2+ {[%clk 01:17:59]} {[%emt
00:00:16]} 11. Qxd2 {[%clk 01:16:00]} {[%emt 00:00:10]} O-O {[%clk 01:17:48]}
{[%emt 00:00:43]} 12. d5 {[%clk 01:15:53]} {[%emt 00:00:38]} Re8+ {[%clk
01:17:14]} {[%emt 00:01:04]} 13. Be2 {[%clk 01:15:17]} {[%emt 00:01:06]} Ne7
{[%clk 01:16:40]} {[%emt 00:01:04]} 14. O-O {[%clk 01:14:31]} {[%emt 00:01:16]}
Bg4 {[%clk 01:15:29]} {[%emt 00:01:41]} 15. Qf4 {[%clk 01:13:34]} {[%emt
00:01:27]} Bxf3 {[%clk 01:15:04]} {[%emt 00:00:55]} 16. Rxf3 {[%clk 01:13:19]}
{[%emt 00:00:44]} f6 {[%clk 01:14:05]} {[%emt 00:01:30]} 17. Rg3 {[%clk
01:09:00]} {[%emt 00:04:49]} Ng6 {[%clk 01:13:09]} {[%emt 00:01:26]} 18. Qg4
{[%clk 01:07:46]} {[%emt 00:01:43]} Qe7 {[%clk 01:10:36]} {[%emt 00:03:05]} 19.
Bf3 {[%clk 00:53:29]} {[%emt 00:14:46]} Ne5 {[%clk 01:09:51]} {[%emt 00:01:15]}
20. Qd4 {[%clk 00:41:29]} {[%emt 00:12:29]} Nxf3+ {[%clk 01:09:22]} {[%emt
00:00:58]} 21. Rxf3 {[%clk 00:39:00]} {[%emt 00:03:00]} Red8 {[%clk 01:06:14]}
{[%emt 00:03:39]} 22. Qe3 {[%emt 00:04:42]} Qb4 {[%clk 01:03:41]} {[%emt
00:00:02]} 23. Qc3 {[%clk 00:36:50]} {[%emt 00:01:28]} Qxc3 {[%clk 01:03:31]}
{[%emt 00:00:41]} 24. Rxc3 {[%clk 00:37:02]} {[%emt 00:00:18]} Re8 {[%clk
01:02:40]} {[%emt 00:01:21]} 25. Kf2 {[%clk 00:36:44]} {[%emt 00:00:47]} Kf7
{[%clk 01:02:59]} {[%emt 00:00:11]} 26. Re3 {[%clk 00:36:51]} {[%emt 00:00:23]}
Kg6 {[%clk 01:03:10]} {[%emt 00:00:18]} 27. Rae1 {[%clk 00:36:34]} {[%emt
00:00:47]} Rxe3 {[%clk 01:03:25]} {[%emt 00:00:15]} 28. Rxe3 {[%clk 00:36:53]}
{[%emt 00:00:12]} c6 {[%clk 01:02:53]} {[%emt 00:01:03]} 29. d6 {[%clk
00:37:03]} {[%emt 00:00:19]} Rd8 {[%clk 01:03:06]} {[%emt 00:00:17]} 30. c5
{[%clk 00:37:10]} {[%emt 00:00:23]} b6 {[%clk 01:03:06]} {[%emt 00:00:30]} 31.
b4 {[%clk 00:37:17]} {[%emt 00:00:23]} bxc5 {[%clk 01:02:46]} {[%emt 00:00:50]}
32. bxc5 {[%clk 00:37:39]} {[%emt 00:00:07]} Rb8 {[%clk 01:01:52]} {[%emt
00:01:24]} 33. Re2 {[%clk 00:34:23]} {[%emt 00:03:46]} Rb4 {[%clk 00:59:46]}
{[%emt 00:02:37]} 34. Rd2 {[%clk 00:33:09]} {[%emt 00:01:44]} Rb8 {[%clk
00:59:41]} {[%emt 00:00:35]} 35. Re2 {[%clk 00:30:23]} {[%emt 00:03:16]} Rb7
{[%clk 00:59:05]} {[%emt 00:01:06]} 36. Re8 {[%clk 00:27:42]} {[%emt 00:03:11]}
Kf7 {[%clk 00:57:17]} {[%emt 00:02:17]} 37. Re4 {[%clk 00:25:09]} {[%emt
00:03:04]} Rd7 {[%clk 00:56:47]} {[%emt 00:01:00]} 38. Ke2 {[%clk 00:19:50]}
{[%emt 00:05:49]} Rb7 {[%clk 00:55:22]} {[%emt 00:01:56]} 39. a4 {[%clk
00:17:39]} {[%emt 00:02:40]} Rd7 {[%clk 00:55:10]} {[%emt 00:00:42]} 40. Kf3
{[%clk 00:15:26]} {[%emt 00:02:43]} Rb7 {[%clk 00:54:06]} {[%emt 00:01:34]} 41.
Kf4 {[%clk 00:15:07]} {[%emt 00:00:49]} Rd7 {[%clk 00:53:25]} {[%emt 00:01:11]}
42. Ke3 {[%clk 00:14:32]} {[%emt 00:01:05]} Rb7 {[%clk 00:53:24]} {[%emt
00:00:31]} 43. Kd3 {[%clk 00:13:54]} {[%emt 00:01:07]} Kf8 {[%clk 00:53:15]}
{[%emt 00:00:39]} 44. Kc3 {[%clk 00:13:22]} {[%emt 00:01:03]} Kf7 {[%clk
00:53:12]} {[%emt 00:00:33]} 45. Kd3 {[%clk 00:13:08]} {[%emt 00:00:43]} Rd7
{[%clk 00:53:16]} {[%emt 00:00:27]} 46. Rb4 {[%clk 00:13:14]} {[%emt 00:00:24]}
Ke8 {[%clk 00:52:32]} {[%emt 00:01:14]} 47. Rb8+ {[%clk 00:13:19]} {[%emt
00:00:25]} Rd8 {[%clk 00:52:37]} {[%emt 00:00:25]} 48. Rxd8+ {[%clk 00:13:09]}
{[%emt 00:00:39]} Kxd8 {[%clk 00:53:01]} {[%emt 00:00:07]} 49. Ke4 {[%clk
00:13:09]} {[%emt 00:00:29]} g6 {[%clk 00:52:41]} {[%emt 00:00:51]} 50. g4
{[%clk 00:11:19]} {[%emt 00:02:19]} Kd7 {[%clk 00:51:34]} {[%emt 00:01:37]} 51.
h4 {[%clk 00:10:31]} {[%emt 00:01:17]} h6 {[%clk 00:50:15]} {[%emt 00:01:50]}
52. a5 {[%clk 00:10:03]} {[%emt 00:00:59]} Ke6 {[%clk 00:48:54]} {[%emt
00:01:50]} 53. a6 {[%clk 00:09:44]} {[%emt 00:00:49]} h5 {[%clk 00:48:33]}
{[%emt 00:00:51]} 54. gxh5 {[%clk 00:08:47]} {[%emt 00:01:26]} gxh5 {[%clk
00:48:47]} {[%emt 00:00:17]} 55. Kf4 {[%clk 00:09:00]} {[%emt 00:00:17]} Kf7
{[%clk 00:48:24]} {[%emt 00:00:54]} 56. Kf5 {[%clk 00:09:06]} {[%emt 00:00:24]}
Ke8 {[%clk 00:48:37]} {[%emt 00:00:17]} 57. Kxf6 {[%clk 00:09:21]} {[%emt
00:00:15]} Kd7 {[%clk 00:48:59]} {[%emt 00:00:08]} 58. Kg5 {[%clk 00:07:15]}
{[%emt 00:02:36]} Ke6 {[%clk 00:49:18]} {[%emt 00:00:10]} 59. Kxh5 {[%clk
00:07:23]} {[%emt 00:00:22]} Kf7 {[%clk 00:49:39]} {[%emt 00:00:09]} 60. Kg5
{[%clk 00:07:32]} {[%emt 00:00:21]} Ke6 {[%clk 00:49:55]} {[%emt 00:00:14]} 61.
h5 {[%clk 00:07:30]} {[%emt 00:00:32]} Kd5 {[%clk 00:50:09]} {[%emt 00:00:17]}
62. d7 {[%clk 00:07:35]} {[%emt 00:00:24]} Kxc5 {[%clk 00:50:35]} {[%emt
00:00:04]} 63. d8=Q {[%emt 00:00:28]} Kb5 {[%emt 00:00:07]} 64. Qc8 {[%clk
00:07:11]} {[%emt 00:00:20]} c5 {[%clk 00:50:58]} {[%emt 00:00:06]} 65. h6
{[%clk 00:07:06]} {[%emt 00:00:35]} c4 {[%clk 00:51:22]} {[%emt 00:00:07]} 66.
h7 {[%clk 00:07:24]} {[%emt 00:00:12]} c3 {[%clk 00:51:48]} {[%emt 00:00:04]}
67. Qxc3 {[%clk 00:07:38]} {[%emt 00:00:15]} Kxa6 {[%clk 00:52:16]} {[%emt
00:00:04]} 68. Qb2 {[%clk 00:07:27]} {[%emt 00:00:41]} Ka5 {[%clk 00:52:39]}
{[%emt 00:00:07]} 69. h8=Q {[%clk 00:07:16]} {[%emt 00:00:38]} Ka4 {[%clk
00:52:48]} {[%emt 00:00:22]} 70. Qhb8 {[%clk 00:06:34]} {[%emt 00:01:12]} a5
{[%clk 00:53:05]} {[%emt 00:00:14]} 71. Q8b5# {[%clk 00:06:37]} {[%emt
00:00:27]} 1-0

[Event "DEM U10w 2023"]
[Site "Willingen GER"]
[Date "2023.05.29"]
[Round "4"]
[White "Bayer, Klara"]
[Black "Bharathula, Akhila"]
[Result "1-0"]
[Termination "normal"]
[Board "15"]
[WhiteElo "1043"]
[BlackElo "1117"]
[WhiteClock "00:51:45"]
[BlackClock "01:06:32"]
[PlyCount "143"]
[WhiteFideId "34658955"]
[BlackFideId "34641777"]
[EventCountry "GER"]
[EventRounds "11"]
[EventType "swiss"]
[EventDate "2023.05.27"]

1. e4 {[%clk 01:15:59]} d5 {[%clk 01:15:54]} {[%emt 00:00:06]} 2. exd5 {[%clk
01:16:23]} {[%emt 00:00:06]} Qxd5 {[%clk 01:16:18]} {[%emt 00:00:07]} 3. Nc3
{[%clk 01:16:34]} {[%emt 00:00:18]} Qd6 {[%clk 01:16:40]} {[%emt 00:00:08]} 4.
d4 {[%clk 01:16:47]} {[%emt 00:00:16]} a6 {[%clk 01:16:58]} {[%emt 00:00:13]}
5. Nf3 {[%clk 01:16:56]} {[%emt 00:00:20]} Nf6 {[%clk 01:17:02]} {[%emt
00:00:25]} 6. Bd3 {[%clk 01:16:39]} {[%emt 00:00:47]} Bg4 {[%clk 01:16:47]}
{[%emt 00:00:45]} 7. Be3 {[%clk 01:16:10]} {[%emt 00:01:00]} Nbd7 {[%clk
01:16:02]} {[%emt 00:01:15]} 8. h3 {[%clk 01:15:57]} {[%emt 00:00:42]} Bh5
{[%clk 01:15:59]} {[%emt 00:00:33]} 9. Be2 {[%clk 01:14:52]} {[%emt 00:01:35]}
e6 {[%clk 01:14:47]} {[%emt 00:01:43]} 10. Qd2 {[%clk 01:14:31]} {[%emt
00:00:49]} Be7 {[%clk 01:13:12]} {[%emt 00:02:06]} 11. Bf4 {[%clk 01:13:38]}
{[%emt 00:01:23]} Qb6 {[%clk 01:12:36]} {[%emt 00:01:06]} 12. O-O {[%emt
00:06:19]} O-O {[%clk 01:09:41]} {[%emt 00:00:02]} 13. Rab1 {[%clk 01:08:24]}
{[%emt 00:03:17]} c5 {[%clk 01:07:55]} {[%emt 00:02:16]} 14. Na4 {[%clk
01:03:57]} {[%emt 00:04:57]} Qa7 {[%clk 01:06:58]} {[%emt 00:01:27]} 15. dxc5
{[%clk 01:02:17]} {[%emt 00:02:10]} Nxc5 {[%clk 01:06:32]} {[%emt 00:00:57]}
16. Be3 {[%clk 01:00:14]} {[%emt 00:02:33]} Nce4 {[%clk 01:05:31]} {[%emt
00:01:31]} 17. Qa5 {[%clk 00:56:03]} {[%emt 00:04:40]} Bd8 {[%clk 01:04:09]}
{[%emt 00:01:53]} 18. Qxd8 {[%clk 00:54:44]} {[%emt 00:01:49]} Rfxd8 {[%clk
01:04:17]} {[%emt 00:00:23]} 19. Bxa7 {[%clk 00:55:02]} {[%emt 00:00:12]} Bxf3
{[%clk 01:04:06]} {[%emt 00:00:40]} 20. Bxf3 {[%clk 00:54:19]} {[%emt
00:01:13]} Rxa7 {[%clk 01:03:06]} {[%emt 00:01:30]} 21. Rbd1 {[%clk 00:52:30]}
{[%emt 00:02:19]} Raa8 {[%clk 01:02:14]} {[%emt 00:01:22]} 22. Rfe1 {[%clk
00:50:48]} {[%emt 00:02:12]} b5 {[%clk 01:00:39]} {[%emt 00:02:05]} 23. Nb6
{[%clk 00:48:31]} {[%emt 00:02:48]} Rab8 {[%clk 00:59:41]} {[%emt 00:01:28]}
24. Rxd8+ {[%clk 00:48:37]} {[%emt 00:00:23]} Rxd8 {[%clk 01:00:03]} {[%emt
00:00:08]} 25. Bxe4 {[%clk 00:48:48]} {[%emt 00:00:19]} Nxe4 {[%clk 01:00:18]}
{[%emt 00:00:16]} 26. Rxe4 {[%clk 00:49:13]} {[%emt 00:00:05]} Rd2 {[%clk
00:59:44]} {[%emt 00:01:04]} 27. Kf1 {[%clk 00:48:24]} {[%emt 00:01:19]} Rxc2
{[%clk 01:00:06]} {[%emt 00:00:08]} 28. Rd4 {[%clk 00:48:36]} {[%emt 00:00:18]}
g6 {[%clk 01:00:17]} {[%emt 00:00:20]} 29. Rb4 {[%clk 00:48:09]} {[%emt
00:00:57]} Kf8 {[%clk 00:59:52]} {[%emt 00:00:55]} 30. Ke1 {[%clk 00:47:59]}
{[%emt 00:00:40]} Ke7 {[%clk 01:00:19]} {[%emt 00:00:03]} 31. a4 {[%clk
00:47:43]} {[%emt 00:00:46]} Rc6 {[%clk 00:59:04]} {[%emt 00:01:45]} 32. a5
{[%clk 00:47:33]} {[%emt 00:00:41]} Rc2 {[%clk 00:59:15]} {[%emt 00:00:18]} 33.
b3 {[%clk 00:47:37]} {[%emt 00:00:26]} Ra2 {[%clk 00:59:25]} {[%emt 00:00:19]}
34. Rh4 {[%clk 00:47:34]} {[%emt 00:00:34]} Rxa5 {[%clk 00:59:40]} {[%emt
00:00:16]} 35. Rxh7 {[%clk 00:47:39]} {[%emt 00:00:24]} Ra3 {[%clk 00:59:48]}
{[%emt 00:00:22]} 36. b4 {[%clk 00:47:48]} {[%emt 00:00:21]} Rb3 {[%clk
01:00:11]} {[%emt 00:00:07]} 37. Rh4 {[%clk 00:47:58]} {[%emt 00:00:20]} Rb2
{[%clk 01:00:01]} {[%emt 00:00:40]} 38. Rd4 {[%clk 00:47:21]} {[%emt 00:01:06]}
Kf6 {[%clk 00:59:58]} {[%emt 00:00:33]} 39. Rf4+ {[%clk 00:46:48]} {[%emt
00:01:02]} Ke5 {[%clk 01:00:05]} {[%emt 00:00:24]} 40. g3 {[%clk 00:46:42]}
{[%emt 00:00:36]} f6 {[%clk 01:00:18]} {[%emt 00:00:17]} 41. Nd7+ {[%clk
00:46:54]} {[%emt 00:00:18]} Kd6 {[%clk 01:00:17]} {[%emt 00:00:32]} 42. Nxf6
{[%clk 00:47:10]} {[%emt 00:00:15]} Kc6 {[%clk 01:00:02]} {[%emt 00:00:45]} 43.
Re4 {[%clk 00:47:11]} {[%emt 00:00:28]} Kd6 {[%clk 01:00:13]} {[%emt 00:00:20]}
44. h4 {[%clk 00:47:09]} {[%emt 00:00:31]} Ke7 {[%clk 01:00:26]} {[%emt
00:00:17]} 45. Rf4 {[%clk 00:47:00]} {[%emt 00:00:39]} e5 {[%clk 01:00:14]}
{[%emt 00:00:43]} 46. Rf3 {[%clk 00:46:59]} {[%emt 00:00:30]} Rxb4 {[%clk
01:00:21]} {[%emt 00:00:23]} 47. Nd5+ {[%clk 00:47:20]} {[%emt 00:00:08]} Ke6
{[%clk 01:00:45]} {[%emt 00:00:07]} 48. Nxb4 {[%clk 00:47:45]} {[%emt
00:00:05]} a5 {[%clk 01:01:09]} {[%emt 00:00:06]} 49. Nc2 {[%clk 00:47:36]}
{[%emt 00:00:39]} e4 {[%clk 01:01:01]} {[%emt 00:00:38]} 50. Re3 {[%clk
00:47:32]} {[%emt 00:00:33]} Kf5 {[%clk 01:01:09]} {[%emt 00:00:23]} 51. Nd4+
{[%clk 00:47:34]} {[%emt 00:00:28]} Kg4 {[%clk 01:00:50]} {[%emt 00:00:45]} 52.
Rxe4+ {[%clk 00:47:53]} {[%emt 00:00:15]} Kh5 {[%clk 01:01:00]} {[%emt
00:00:19]} 53. Nxb5 {[%clk 00:48:07]} {[%emt 00:00:17]} g5 {[%clk 01:01:01]}
{[%emt 00:00:29]} 54. hxg5 {[%clk 00:48:23]} {[%emt 00:00:13]} Kxg5 {[%clk
01:01:25]} {[%emt 00:00:07]} 55. f4+ {[%clk 00:48:46]} {[%emt 00:00:07]} Kg4
{[%clk 01:01:29]} {[%emt 00:00:26]} 56. Kf2 {[%clk 00:48:54]} {[%emt 00:00:21]}
Kf5 {[%clk 01:01:52]} {[%emt 00:00:08]} 57. Re8 {[%clk 00:49:01]} {[%emt
00:00:23]} Kg6 {[%clk 01:02:14]} {[%emt 00:00:08]} 58. g4 {[%emt 00:00:14]} Kf7
{[%clk 01:02:39]} 59. Re1 {[%clk 00:49:30]} {[%emt 00:00:21]} Kf8 {[%clk
01:03:02]} {[%emt 00:00:07]} 60. g5 {[%clk 00:49:52]} {[%emt 00:00:08]} Kg7
{[%clk 01:03:26]} {[%emt 00:00:06]} 61. f5 {[%clk 00:50:16]} {[%emt 00:01:10]}
Kf7 {[%clk 01:03:34]} {[%emt 00:00:22]} 62. Nd6+ {[%clk 00:50:20]} {[%emt
00:00:26]} Kg7 {[%clk 01:04:00]} {[%emt 00:00:04]} 63. Re7+ {[%clk 00:50:18]}
{[%emt 00:00:32]} Kf8 {[%clk 01:04:17]} {[%emt 00:00:13]} 64. f6 {[%clk
00:50:39]} {[%emt 00:00:09]} Kg8 {[%clk 01:04:41]} {[%emt 00:00:07]} 65. g6
{[%clk 00:50:45]} {[%emt 00:00:23]} a4 {[%clk 01:05:04]} {[%emt 00:00:07]} 66.
Rg7+ {[%clk 00:50:34]} {[%emt 00:00:41]} Kf8 {[%clk 01:05:23]} {[%emt
00:00:11]} 67. Rf7+ {[%clk 00:50:55]} {[%emt 00:00:10]} Kg8 {[%clk 01:05:47]}
{[%emt 00:00:05]} 68. g7 {[%clk 00:51:18]} {[%emt 00:00:07]} Kh7 {[%clk
01:06:08]} {[%emt 00:00:09]} 69. Rf8 {[%clk 00:51:21]} {[%emt 00:00:27]} a3
{[%clk 01:05:54]} {[%emt 00:00:44]} 70. g8=Q+ {[%clk 00:51:33]} {[%emt
00:00:18]} Kh6 {[%clk 01:06:15]} {[%emt 00:00:08]} 71. Rf7 {[%clk 00:51:52]}
{[%emt 00:00:11]} a2 {[%clk 01:06:32]} {[%emt 00:00:13]} 72. Rh7# {[%clk
00:51:45]} {[%emt 00:00:06]} 1-0